The psychology book / (Record no. 1022)

MARC details
000 -LEADER
fixed length control field 01472cam a2200361 a 4500
005 - DATE AND TIME OF LATEST TRANSACTION
control field 20260322212043.0
008 - FIXED-LENGTH DATA ELEMENTS--GENERAL INFORMATION
fixed length control field data
010 ## - LIBRARY OF CONGRESS CONTROL NUMBER
LC control number 2011284965
016 7# - NATIONAL BIBLIOGRAPHIC AGENCY CONTROL NUMBER
Record control number 015899498
Source Uk
020 ## - INTERNATIONAL STANDARD BOOK NUMBER
International Standard Book Number 9780756689704
020 ## - INTERNATIONAL STANDARD BOOK NUMBER
International Standard Book Number 0756689708
040 ## - CATALOGING SOURCE
Original cataloging agency BTCTA
Language of cataloging eng
Transcribing agency BTCTA
Modifying agency DLC
-- IEP
-- AZT
-- VP@
-- BDX
-- YDXCP
-- DLC
042 ## - AUTHENTICATION CODE
Authentication code lccopycat
050 00 - LIBRARY OF CONGRESS CALL NUMBER
Classification number BF121
Item number .P815 2012
092 ## - LOCALLY ASSIGNED DEWEY CALL NUMBER (OCLC)
Classification number 150 P815 2012
001 - CONTROL NUMBER
control field data
245 14 - TITLE STATEMENT
Title The psychology book /
Statement of responsibility, etc. Catherine Collin & DK Publishing, Inc.
250 ## - EDITION STATEMENT
Edition statement 1st American ed.
260 ## - PUBLICATION, DISTRIBUTION, ETC.
Place of publication, distribution, etc. New York :
Name of publisher, distributor, etc. DK Pub.,
Date of publication, distribution, etc. 2012.
300 ## - PHYSICAL DESCRIPTION
Extent 352 p. :
Other physical details ill. (some col.) ;
Dimensions 25 cm.
500 ## - GENERAL NOTE
General note "Big ideas simply explained"-Jacket.
504 ## - BIBLIOGRAPHY, ETC. NOTE
Bibliography, etc. note Includes bibliographical references and index.
520 ## - SUMMARY, ETC.
Summary, etc. All the big ideas, simply explained - an innovative and accessible guide to the study of human nature The Psychology Book clearly explains more than 100 groundbreaking ideas in this fascinating field of science.
650 #0 - SUBJECT ADDED ENTRY--TOPICAL TERM
Topical term or geographic name entry element Psychology.
650 #0 - SUBJECT ADDED ENTRY--TOPICAL TERM
Topical term or geographic name entry element Psychologists
Form subdivision Biography.
650 #0 - SUBJECT ADDED ENTRY--TOPICAL TERM
Topical term or geographic name entry element Psychology
General subdivision History.
700 1# - ADDED ENTRY--PERSONAL NAME
Personal name Collin, Catherine,
Titles and other words associated with a name clinical psychologist.
710 2# - ADDED ENTRY--CORPORATE NAME
Corporate name or jurisdiction name as entry element DK Publishing, Inc.
856 42 - ELECTRONIC LOCATION AND ACCESS
Materials specified Publisher description
Uniform Resource Identifier <a href="http://www.loc.gov/catdir/enhancements/fy1210/2011284965-d.html">http://www.loc.gov/catdir/enhancements/fy1210/2011284965-d.html</a>
906 ## - LOCAL DATA ELEMENT F, LDF (RLIN)
a 7
b cbc
c copycat
d 2
e ncip
f 20
g y-gencatlg
925 0# -
-- acquire
-- 2 shelf copies
-- policy default
955 ## - COPY-LEVEL INFORMATION (RLIN)
-- rf10 2012-05-25 copy 2 added
Holdings
Withdrawn status Lost status Damaged status Not for loan Home library Current library Shelving location Date acquired Total checkouts Full call number Barcode Date last seen Price effective from Koha item type
        Franklin Franklin General stacks 22/03/2026   BF121 .P815 2012 BC0011056 22/03/2026 22/03/2026 Books